000 00477nam a2200181Ia 4500
001 25099
005 20260414151127.0
008 260414t2013||||xx |||||||||||||| ||spa||
041 _aESP
082 _a346.2J
_bG312
100 _aAguilar LLanos, Benjamín
_eAUT
245 0 _aEl derecho de familia en la jurisprudencia del tribunal constitucional
_b
260 _c2013
300 _a206 páginas :
_c24 cm.
650 _aDER
654 _aCDE
942 _cLIB
_dJUS
_fJUS
_2ddc
_n
999 _c25099
_d25099